Регионална библиотека "Любен Каравелов" - Русе

Раницата на Дора (Запис номер 175613)

MARC детайли
000 -Лидер
Контролно поле с фиксирана дължина 01702nam a2200373 a 4500
003 - Код на организацията, давaща контролен номер
Контролно поле BLK
005 - Дата и час на последна редакция
Контролно поле 20250703120623.0
008 - Елементи от данни с фиксирана дължина
fixed length control field 180411b bul|||||r ||||||| ||bul||
010 ## - Наследен системен номер
LC control number KNG00184207000
020 ## - Международен стандартен номер на книга ISBN
Международен стандартен номер на книга ISBN 978-619-150-214-1
040 ## - Източник на каталожния запис
Идентификатор на билиотеката - собственик на записа BLK
041 ## - Код за език
Код за езика на текст/звукозапис или на отделно заглавие Български
Код за езика КДБФ Български
072 #7 - Код за тематичната категория
Код организация bullib
Код за тематична категория Н85
Текст Детска художествена литература Н
080 ## - УДК
Текстов определител УДК Американска литература (на САЩ)
УДК код - определител по УДК 821.111(73)
УДК определител -93-91
УДК - код + определител 821.111(73)-93-91
139 ## - Редно поле
Редна дума Уилсън, Сара
Авторски знак Уилс - У 39
245 10 - Сведения за заглавието
Заглавие Раницата на Дора
Редно поле (дума) адапт. Сара Уилсън; по сценарий на Ерика Уайнър; ил. Робърт Роупър.
257 ## - Страна на издаване
Страна на създаване/издаване Съединени американски щати
260 ## - Област на издателските данни
Място на издаване, разпространение и проч. [София]
Име на издателя, разпространителя и проч. Колибри
Година на издаване 2013
300 ## - Физическа характеристика
Страници 24 с.
Илюстрации и др. с цв. ил.
Размери/Мащаб 21Х21 см
380 ## - Жанр
Жанр Детска худож. лит.
490 ## - СЕРИИ (Колекции)
Име на серия Dora
9 (RLIN) 207782
500 ## - Общи забележки
Забележка Ориг. загл. Dora the Explorer. - По телевизионната поредица Дора изследователката. - На гърба на кн. е означено: текст Лорин Силвърхарт ; Ил. Джейсън Фруктър. - Прев. от англ. ез.
653 ## - Ключова дума – ненормативна
Ключова дума адаптирани книги
700 1# - Други автори (авторска отговорност)
Лично име Уилсън, Сара
Автороска отговорност (Описва отношението между автора и произведението) адапт.
9 (RLIN) 340242
700 1# - Други автори (авторска отговорност)
Лично име Уайнър, Ерика
Автороска отговорност (Описва отношението между автора и произведението) по сценарий на
9 (RLIN) 340240
700 1# - Други автори (авторска отговорност)
Лично име Роупър, Робърт
Автороска отговорност (Описва отношението между автора и произведението) ил.
9 (RLIN) 117093
852 ## - Местоположение
Форматна сигнатура Цб 277728
856 4# - Електронен адрес и достъп
Електронен формат pdf - файл
Инструкция (цена за достъп) 0.00
Права за достъп disable
856 4# - Електронен адрес и достъп
Електронен формат pdf - файл
Инструкция (цена за достъп) 0.00
Права за достъп disable
999 ## - СИСТЕМНИ КОНТРОЛНИ НОМЕРА
Koha biblionumber 175613
Koha biblioitemnumber 175613
942 ## - АРТИКУЛИ
Вид на библиотечния материал Книги
Скрит в OPAC Не
Koha issues (borrowed), all copies 23
Периодичен библиозапис Да
944 ## - СЪЗДАВАНЕ И РЕДАКЦИЯ на ЗАПИСА
Създаване/Редакция Създаване
Дата на регистрацията/редакция 28.10.2015
Статус, дата на статуса Грета Цуфелде
Служител, извършил регистрацията/редакцията 30537
944 ## - СЪЗДАВАНЕ И РЕДАКЦИЯ на ЗАПИСА
Създаване/Редакция Редакция
Дата на регистрацията/редакция 09.01.2017
Статус, дата на статуса ф /
Служител, извършил регистрацията/редакцията Пенка_Димитрова
999 ## - СИСТЕМНИ КОНТРОЛНИ НОМЕРА
Koha biblioitemnumber 175613
Наличности
Код за отписване Код за изгубен артикул Код за повреда Коз за рестрикции Код за отдаване Артикулен № Име на библиотеката - собственик Име на библиотеката, в която се намира в момента Статус (Текущо местоположение) Дата на вписване в системата Местоположение - отдел Цена в лева Инвентарен номер Систематично азбучна сигнатура Баркод Номер на екземпляра Цена в евро Служебна бележка Служебен тип на артикула Източник на класификационната схема
Изтеглен Не е изгубен Не е повреден без рестрикции заемане за дома 302257 Регионална библиотека "Любен Каравелов" Русе Регионална библиотека "Любен Каравелов" Русе Детски отдел 2015-10-27 Детски отдел 4.50 120000794132 ДХ 820/899/У 39 120000794132 1 2.30 Дост: Pk Вид: Ф N: 441 Дата: 13.10.2015 Дата инв: 03.11.2015 Бележки инв: Д2015 Книги  
Изтеглен Не е изгубен Не е повреден без рестрикции заемане за дома 302258 Регионална библиотека "Любен Каравелов" Русе Регионална библиотека "Любен Каравелов" Русе Детски отдел 2015-10-27 Детски отдел 4.50 120000794133 ДХ 820/899/У 39 120000794133 2 2.30 Дост: Pk Вид: Ф N: 441 Дата: 13.10.2015 Дата инв: 03.11.2015 Бележки инв: Д2015 Книги Universal Decimal Classification
  Не е изгубен Не е повреден без рестрикции ползва се в читалня 302259 Регионална библиотека "Любен Каравелов" Русе Регионална библиотека "Любен Каравелов" Русе Хранилище 2017-01-09 Хранилище 4.50 120000807526 Цб 277728 120000807526 3 2.30 Дост: Dp Вид: Д N: 51 Дата: 02.12.2016 Книги  
  Не е изгубен Не е повреден без рестрикции заемане за дома 925426 Регионална библиотека "Любен Каравелов" Русе Регионална библиотека "Любен Каравелов" Русе Детски отдел 2023-03-28 Детски отдел 4.50 120000884800 821-93/У 39 С 120000884800   2.30   Книги Universal Decimal Classification
Vip Innovations Ltd, Rousse, Bulgaria 2025